000 00826nam a2200193Ia 4500
003 GCL
008 140319s9999 xx 000 0 ara d
040 _aGCL /
_cGCL
082 0 4 _aط
_b813.087
_bك ا
100 1 _aكامل كيلانى
245 1 0 _aاشهر القصص جلفر : الرحلة الاولى فى بلاد الاقزام - الرحلة الثانية فى بلاد العمالقة - الرحلة الثالثة فى الجزيزة الطيارة - الرحلة الرابعة فى جزيرة الجياد الناطقة /
_cكامل كيلانى
260 _aالقاهرة :
_bدار المعارف
300 _aمتعدد ؛
_c20سم
490 _aاشهر قصص جلفر
_v0
650 0 4 _aقصص البطولات
650 0 4 _aالاطفال
650 0 4 _aقصص الاطفال
942 _2ddc
_cBK
999 _c34376
_d34376